000 00842cab a2200265 4500
001 WB3433-49
008 090401t1998 xxu||||| |||| 00| 0 eng d
035 _a(Sirsi) u88126
041 _aeng
245 _aPrecarious prices
260 _c1998
350 _a0
490 _aTimes
_v22 August 1998, 53
490 _aDaily Telegraph
_v22 August 1998, B1(3)
520 _aLatest surveys on the housing market show that house prices in Scotland are continuing to rise quite sharply while prices in the South East are beginning to slow down. Table.
650 _aESTATE AGENTS
650 _aHOUSE PRICE INFLATION
650 _aHOUSE PRICES
650 _aHOUSING MARKET
650 _aMARKET SURVEYS
650 _aMIRAS
690 _aPROPERTY-RESIDENTIAL PROPERTY-RESIDENTIAL PROPERTY MARKET
942 _n0
948 _c25/08/1998
999 _c55667
_d55667